00462 2200193 4500001002100000005001500021035002000036008004100056245004100097100001600138250000600154260003600160300001200196084001400208082000800222650001400230990001200244990001200256INLIS00000000000032320240503081343 a0010-0424000299240503 0 ind 1 aKepemimpinan Kaum Muda /cNur Khalik aKhalik, Nur a1 aJakarta :bCempaka Putih,c2017 a116 hlm a300 NUR k a300 4aNon Fiksi a0728751 a0728752